000 03172cas a2200673 a 4500
001 13495484
003 NUST
005 20220726150045.0
008 040220c19809999nyuzr 0 a0eng c
010 _a 2004208951
_z 80112183
_z 89007010
_z 94039249
_z 98035657
_z 2002044066
020 _a9781438075471
022 0 _a1935-8512
_l1935-8512
_21
035 _a(OCoLC)ocm33394525
038 _aAzhar
040 _aBKL
_beng
_cBKL
_dDLC
_dOCLCQ
_dIGP
_dOCLCQ
_dOCLCF
_dOCLCO
_dYDXCP
_dFEM
_dKKX
_dOCLCQ
_dGILDS
_dOCLCO
_dOCL
_dZQP
_dOCL
_dVP@
042 _apcc
_ansdp
050 0 0 _aPE1128
_b.B328
082 1 0 _a428.0076
_214
_bSHA
222 0 _aBarron's practice exercises for the TOEFL, test of English as a foreign language
245 0 0 _aBarron's practice exercises for the TOEFL, test of English as a foreign language.
246 1 _iVol. for 1999 is called:
_aPractice exercises for the TOEFL test
246 3 0 _aBarron's practice exercises for the test of English as a foreign language
250 _a8th edition
260 _aWoodbury, N.Y. :
_bKaplan
_c2015
300 _a571p
_billustrations ;
_c28 cm
310 _aQuadrennial,
_b1999-
321 _aIrregular,
_b1980-1995
336 _atext
_btxt
_2rdacontent
337 _aunmediated
_bn
_2rdamedia
338 _avolume
_bnc
_2rdacarrier
362 0 _a[1st ed.]-
500 _aTitle varies slightly.
500 _aEdited by Pamela J. Sharpe.
500 _aPublished: Hauppauge, N.Y., <1995->
515 _aNumbering begins with <3rd ed.>
580 _aAlso issued in a separate edition with the same printed text, but accompanied by audio CDs.
588 _aLatest issue consulted: 6th ed., copyrighted 2007.
650 0 _aTest of English as a Foreign Language
_vStudy guides
_vPeriodicals.
_995259
650 0 _aEnglish language
_vTextbooks for foreign speakers
_vPeriodicals.
_995260
650 0 _aEnglish language
_xExaminations
_vStudy guides
_vPeriodicals.
_995261
650 7 _aEnglish language.
_2fast
_0(OCoLC)fst00910920
650 7 _aEnglish language
_xExaminations.
_2fast
_0(OCoLC)fst00911153
_938860
650 7 _aTest of English as a Foreign Language.
_2fast
_0(OCoLC)fst01148211
650 7 _aEnglish language
_vTextbooks for foreign speakers
_vYearbooks.
_2sears
_995262
650 7 _aEnglish language
_vExaminations
_vStudy guides
_vYearbooks.
_2sears
_995263
655 7 _aTextbooks.
_2fast
_0(OCoLC)fst01423863
655 7 _aStudy guides.
_2lcgft
_924862
655 7 _aPeriodicals.
_2lcgft
655 7 _aTextbooks.
_2lcgft
_995264
655 7 _aPeriodicals.
_2fast
_0(OCoLC)fst01411641
_995265
655 7 _aStudy guides.
_2fast
_0(OCoLC)fst01423888
_924862
655 7 _aTextbooks
_vfor foreign speakers.
_2fast
_0(OCoLC)fst01423864
_994774
700 1 _aSharpe, Pamela J.
775 1 _tBarron's practice exercises for the TOEFL, test of English as a foreign language (Audio CD ed.)
_x1935-8520
_w(DLC) 2007214814
_w(OCoLC)83600166
906 _a7
_bcbc
_cserials
_d2
_encip
_f20
_gn-oclcserc
942 _2ddc
_cLC
999 _c590651
_d590651